Wovor hast Du Angst? - Statistiken

Allgemein
  • Dieses Quiz wurde 190 mal gespielt
  • Das Durchschnittsergebnis liegt bei 5 aus 12
Antwortstatistiken
Fachbegriff Die Angst ... % Korrekt
Zoophobie vor Tieren
93%
Klaustrophobie vor engen Räumen
89%
Bacteriophobie vor Bakterien
86%
Dentophobie vor dem Zahnarzt
74%
Homophobie vor Homosexualität
51%
Akrophobie vor Höhen
39%
Coulrophobie vor Clowns
18%
Achluophobie vor Dunkelheit
18%
Paraskavedekatriaphobie vor Freitag dem 13.
12%
Ailurophobie vor Katzen
11%
Nomophobie ohne Mobiltelefon zu sein
6%
Alliumphobie vor Knoblauch
5%
Keine übereinstimmenden Quizze gefunden
Verteilung der Resultate
Anzahl Personen mit jedem Resultat
Perzentil nach korrekt beantworteten Fragen
Ihre Resultats-Entwicklung
Sie haben dieses Quiz noch nicht gespielt